|
|
|
|
| LEADER |
00818nam a2200301 4500 |
| 001 |
DLU070061338 |
| 005 |
##20080328 |
| 040 |
# |
# |
|a DLU
|b vie
|
| 041 |
# |
# |
|a vie
|
| 044 |
# |
# |
|a vn
|
| 082 |
# |
# |
|a 004.165
|b NG-T
|
| 100 |
# |
# |
|a Nguyễn Nam Thuận,
|c KS.
|
| 245 |
# |
# |
|a Hướng dẫn sử dụng Tablet PC :
|b Cho người mới bắt đầu - chỉ dẫn từng bước /
|c Nguyễn Nam Thuận.
|
| 260 |
# |
# |
|a H. :
|b ,Giao thông Vận tải ,
|c 2007.
|
| 300 |
# |
# |
|a 381 tr. :
|b minh họa ;
|c 24 cm.
|
| 490 |
# |
# |
|a Tin học dành cho doanh nhân.
|
| 653 |
# |
# |
|a Tin học thực hành
|
| 923 |
# |
# |
|a 02/2008
|
| 992 |
# |
# |
|a 57000
|
| 994 |
# |
# |
|a DLU
|
| 900 |
# |
# |
|a True
|
| 911 |
# |
# |
|a Nguyễn Thanh Hương
|
| 925 |
# |
# |
|a G
|
| 926 |
# |
# |
|a A
|
| 927 |
# |
# |
|a SH
|
| 980 |
# |
# |
|a Thư viện Trường Đại học Đà Lạt
|